ARRUPE JESUIT UNIVERSITY

CORONAVIRUS -STOP THE SPREAD - CLEAN,DISINFECT,COVER

The Gospel of Life and the Vision of Health Care (Record no. 121108)

MARC details
000 -LEADER
fixed length control field 00683nam a22001697a 4500
008 - FIXED-LENGTH DATA ELEMENTS--GENERAL INFORMATION
fixed length control field 141010b xxu||||| |||| 00| 0 eng d
020 ## - INTERNATIONAL STANDARD BOOK NUMBER
International Standard Book Number 0935372407
050 ## - LIBRARY OF CONGRESS CALL NUMBER
Classification number R725.56.W67 1996
100 ## - MAIN ENTRY--PERSONAL NAME
Personal name Smith, Russell E.
9 (RLIN) 12129
245 ## - TITLE STATEMENT
Title The Gospel of Life and the Vision of Health Care
Remainder of title proceedings of the fifteenth workshop for Bishop Dallas, Texas
Statement of responsibility, etc Russell E. Smith
260 ## - PUBLICATION, DISTRIBUTION, ETC. (IMPRINT)
Place of publication, distribution, etc Massachusetts
Name of publisher, distributor, etc The Pope John Center
Date of publication, distribution, etc 1996
300 ## - PHYSICAL DESCRIPTION
Extent xv, 204p. ;
Dimensions 23cm.
650 ## - SUBJECT ADDED ENTRY--TOPICAL TERM
Topical term or geographic name as entry element Medicine
General subdivision Religious aspects
-- Catholic Church
-- Congresses
9 (RLIN) 12130
650 ## - SUBJECT ADDED ENTRY--TOPICAL TERM
Topical term or geographic name as entry element Medical ethics
General subdivision Congresses
9 (RLIN) 12131
650 ## - SUBJECT ADDED ENTRY--TOPICAL TERM
Topical term or geographic name as entry element Christian ethics
General subdivision Catholic authors
-- Congresses
9 (RLIN) 12132
942 ## - ADDED ENTRY ELEMENTS (KOHA)
Source of classification or shelving scheme Library of Congress Classification
Item type Monograph ( Printed materials)
Holdings
Withdrawn status Lost status Source of classification or shelving scheme Damaged status Not for loan Collection code Home library Current library Shelving location Date acquired Total Checkouts Full call number Barcode Date last seen Price effective from Koha item type
    Library of Congress Classification     Main Collection ARRUPE LIBRARY ARRUPE LIBRARY Main Collection 10/10/2014   R725.56.W67 1996 46500003819 02/07/2019 10/10/2014 Monograph ( Printed materials)

 

Arrupe Library. PO Box MP320 Mt Pleasant, Harare, Zimbabwe
263 242 745411|librarian@aju.ac.zw